|
|
|
|
| LEADER |
00983nam a2200241 a 4500 |
| 001 |
784555 |
| 008 |
090712r20051985 nyu b 001 0 eng d |
| 010 |
|
|
|a 73175465
|
| 020 |
|
|
|a 81207704436
|
| 040 |
|
|
|a DLC
|c DLC
|d DLC
|
| 082 |
0 |
0 |
|a 820/.9
|2 22
|
| 100 |
2 |
|
|a Srinivasa Iyengar, K. R.
|
| 245 |
1 |
0 |
|a Indian writing in English /
|c K. R. Srinivasa Iyengar.
|
| 250 |
|
|
|a Revised and updated ed.
|
| 260 |
|
|
|a New York,
|b Asia Pub. House ;
|a New Dilhi :
|b Sterling Publishers Private Ltd.
|c 1985 [Reprinted 2005]
|
| 300 |
|
|
|a xvi, 848 p.
|c 22 cm.
|
| 504 |
|
|
|a Includes Bibliography (p. [787]-831.) and index.
|
| 541 |
1 |
|
|e 00014493
|
| 650 |
|
0 |
|a Indic literature (English)
|x History and criticism.
|
| 651 |
|
0 |
|a India
|x In literature.
|
| 852 |
4 |
|
|a Ayesha Abed Library
|j General shelf
|
| 999 |
|
|
|c 2297
|d 2297
|
| 952 |
|
|
|0 0
|1 0
|2 ddc
|4 0
|6 820_900000000000000_SRI_2005
|7 0
|9 2121
|a BRACUL
|b BRACUL
|c GEN
|d 2009-07-12
|g 450.00
|l 2
|m 4
|o 820.9 SRI
|p 3010014493
|r 2025-08-02
|s 2025-07-25
|t 1
|v 900.00
|w 2009-07-12
|y BK
|